| Tag |
First Indicator |
Second Indicator |
Subfields |
| LEADER |
00000cam a2200000 a 4500 |
| 001 |
in00000091354 |
| 005 |
20151008063916.0 |
| 008 |
810226s1980 enkah b 00110 eng d |
| 010 |
|
|
|a 80083786
|
| 020 |
|
|
|a 0719015278 (U.K.)
|
| 020 |
|
|
|a 0801824796 (U.S.)
|
| 035 |
|
|
|a (OCoLC)07158697
|
| 035 |
|
|
|9 AAK3158AM
|
| 040 |
|
|
|a MDY
|c MDY
|d TXA
|d UtOrBLW
|
| 049 |
|
|
|a TXAM
|c [1804423]
|
| 090 |
|
|
|a PR2524
|b .B7 1980
|
| 100 |
1 |
|
|a Ford, John,
|d 1586-approximately 1640.
|
| 245 |
1 |
4 |
|a The broken heart /
|c John Ford ; edited by T.J.B. Spencer.
|
| 264 |
|
1 |
|a Manchester [England] :
|b Manchester University Press ;
|a Baltimore, Md. :
|b Johns Hopkins University Press,
|c 1980.
|
| 300 |
|
|
|a xiv, 239 pages :
|b illustrations, facsimiles ;
|c 21 cm.
|
| 336 |
|
|
|a text
|b txt
|2 rdacontent
|
| 337 |
|
|
|a unmediated
|b n
|2 rdamedia
|
| 338 |
|
|
|a volume
|b nc
|2 rdacarrier
|
| 490 |
0 |
|
|a The Revels plays
|
| 504 |
|
|
|a Includes bibliographical references and index.
|
| 700 |
1 |
|
|a Spencer, T. J. B.
|q (Terence John Bew),
|d 1915-1978.
|
| 999 |
|
|
|a MARS
|
| 999 |
f |
f |
|s f240369f-aef0-3675-bfe5-5f14aead8fea
|i c8d0db3c-1df8-39a8-b339-735fd8a619cc
|t 0
|
| 952 |
f |
f |
|p normal
|a Texas A&M University
|b College Station
|c Sterling C. Evans Library
|d Evans: Library Stacks
|t 0
|e PR2524 .B7 1980
|h Library of Congress classification
|i unmediated -- volume
|m A14806183950
|
| 998 |
f |
f |
|a PR2524 .B7 1980
|t 0
|l Evans: Library Stacks
|